000 00393nam a2200157 4500
020 _a9789393969514
082 _aM 305.407
_bBEE/U
245 _aUdalukal idapedalukal/
_cby Beena K (ed.)
260 _aKozhikode:
_bPavanatma Publishers,
_c2022.
300 _a185p.
650 _aFeminism
650 _aWomen Studies
650 _aSocial Sciences
700 _aBeena K (ed.)
942 _cBK
999 _c181747
_d181747